000 00310nam a22001097a 4500
999 _c2914
_d2914
008 181231b ||||| |||| 00| 0 eng d
100 _aKyle, Robert
245 _aMedicine and stamps (vol 1 1970)
260 _bAmerican Medical Associaton
_c1970
650 _aTopical Collecting -- Medicine
700 _aShampo, Marc